000 00566nam a2200193 i 4500
001 45484
003 ES-MaACL
005 20230906161226.0
007 t|
008 030326s1960 sp ||||1| spa d
100 1 _aColin, Louis.
_939593
245 1 3 _aLa vida interior /
_cP. L. Colin ; traducido por Manuel Carballal Cola.
250 _a2ª ed.
260 _aMadrid :
_bLuz,
_c1960.
300 _a391 p. ;
_c18 cm.
650 4 _aVida espiritual-
_xIglesia Católica.
_9150036
700 1 _aCarballal Cota, Manuel.
_934994
852 _aES-MaACL
_jC-19526
_bR.47111
999 _c45484
_d45484